00613nam a22001932 4500001001100000005001700011008004100028040001500069050002500084100003600109245009000145250001200235260002800247300001100275500001500286650005900301700003100360700002800391000000230320151217151848.0070410s xx 000 0 eng d aKABUcKABU 0aHF5686b.I56M84 19911 aMueller, Gerhard G.@000015162910aAccounting :ban international perspective /cG. G. Mueller, Helen Gernon, Gary Meek. a2nd ed. aBoston :bIrwin,c1991. a145 p. aphotocopy. 0aInternet business enterprisesxAccounting.@00001516301 aGernon, Helen.@00001516311 aMeek, Gary.@0000151632